000 00651nam a2200253Ia 4500
003 OSt
005 20221005025647.0
006 a|||||r|||| 00| 0
007 ta
008 221004b |||||||| |||| 00| 0 eng d
024 _a62760
037 _cTextual
040 _aCRL
_cCRL
_beng
041 _2eng
_aeng
082 _aS38, N0
100 _aBelsky Janet K
_9581951
245 0 _aPsychology of aging
_b Theory, research and intervention
250 _a2nd
260 _aCalifornia
_bCole
_c1984
300 _a386p.
_ccm.
650 _aPSYCHOLOGY
942 _hS38, N0
_cTEXL
_2cc
999 _c935072
_d935072